Marketingové informácie poľnohospodárskeho podniku

Účinné uplatňovanie zásad marketingu v riadiacej práci poľnohospodárskych podnikov podporuje adekvátny súbor relevantných informácií. Návrh štruktúry ukazovateľov marketingového informačného systému pre poľnohospodársky podnik. Spracovaný súbor ukazovateľov marketingového informačného systému môže s...

ver descrição completa

Na minha lista:
Detalhes bibliográficos
Autor principal: Kretter, Anton
Outros Autores: Hennyeyová, Klára
Formato: Capítulo de Livro
Idioma:eslovaco
Assuntos:
Tags: Adicionar Tag
Sem tags, seja o primeiro a adicionar uma tag!

MARC

LEADER 00000naa$a2200000$$$4500
001 0049594
005 20231018091452.7
041 0 |a slo 
044 |a SK 
245 1 0 |a Marketingové informácie poľnohospodárskeho podniku  |c Anton Kretter, Klára Hennyeyová 
520 |a Účinné uplatňovanie zásad marketingu v riadiacej práci poľnohospodárskych podnikov podporuje adekvátny súbor relevantných informácií. Návrh štruktúry ukazovateľov marketingového informačného systému pre poľnohospodársky podnik. Spracovaný súbor ukazovateľov marketingového informačného systému môže slúžiť ako metodický návod, ktorý podnikateľský subjekt upresňuje podľa svojich konkrétnych potrieb. 
610 2 0 |a marketing 
610 2 0 |a informácie 
610 2 0 |a riadenie 
610 2 0 |a marketing manažment 
610 2 0 |a systémy informačné podnikové 
610 2 0 |a podnik poľnohospodársky 
100 1 |a Kretter, Anton 
700 1 |a Hennyeyová, Klára